000 00952nam0a22002771 4500
001 rc\4034594
005 20250611063853.0
021 _aRU
_b[54-57924]
035 _a(NLR Aleph) 008094660
090 _a9205722
_c9205722
100 _a20130415d1954 |||y0rusy50 ca
101 0 _arus
102 _aRU
105 _aa z |||||
200 1 _aПоддержание горных выработок на шахтах Карагандинского бассейна
210 _aМосква
_cУглетехиздат
_d1954
215 _a88 с.
_cил.
_d22
300 _aПеред загл. авт.: А.Н. Лебедев, канд. техн. наук
320 _aБиблиогр.: с. 85-86 (29 назв.)
606 _aГорные выработки
_xПоддержание
_2psbo
700 1 _aЛебедев
_bА.Н.
801 0 _aRU
_bNLR
_gpsbo
801 1 _aRU
_bELAR
_2rusmarc
852 _aNLR
_jТ26 Г-6/1538
942 _cBOOK
980 _aNB